01155cam a2200265 4500001001300000003000400013005001700017008004100034010002200075040006800097050001600165051003300181100002300214245017300237260010600410300003100516490006100547504002900608650003700637650002700674650003700701710006400738830007000802999001700872hew67000079 DLC20260227111516.0700619s1967 dcua b 00010 eng c ahew67000079 //r89 aU.S. Dept. of Health, Education and Welfare. Library HV741dDLC0 aHV854b.D58 aHV741b.A32 no. 444cCopy 3.10aDittmann, Laura L.10aChildren in day care,bwith focus on healthc[by] Laura Dittmann, with the Committee on Day Care, Maternal and Child Health Section, American Public Health Association.0 a[Washington]bU.S. Children's Bureau; [for sale by the Supt. of Docs., U.S. Govt. Print. Off.]c1967. avi, 120 p.billus.c24 cm.1 a[United States]. Children's Bureau. Publicationvno. 444 aIncludes bibliographies. 0aDay care centerszUnited States. 0aChild health services. 4aDay care centerszUnited States.20aAmerican Public Health Association.bCommittee on Day Care. 0aBureau publication (United States. Children's Bureau) ;vno. 444. c34694d34694